01182nas a2200325 4500001001300000003000900013005001700022007000300039008003400042040005400076041000900130072001300139100002100152100002100173100001900194100001800213100001900231100001800250245009200268650002200360650001800382650002100400650002000421773013100441856005500572909004000627942001800667999001900685952015200704BR2012001338BR-BrBNA20231205120318.0ta230509b bl.|||p| |||| 00| 00por d aBR-BrBNAbporcBiblioteca Nacional de Agricultura a(Pt) aQ70; F041 aSilva, F.L.B. da1 aLacerda, C.F. de1 aSousa, G.G. de1 aNeves, A.L.R.1 aSilva, G.L. da1 aSousa, C.H.C.1 aInteração entre salinidade e biofertilizante bovino na cultura do feijão-de-corda aVIGNA UNGUICULATA aIRRIGAÇÃO aADUBO ORGÂNICO aSALINIZAÇÃO0 tRevista Brasileira de Engenharia Agrícola e Ambiental (Brazil)xISSN 1807-1929g(Apr 2011), v.15(4) p. 383-389wBR201200133840uhttp://www.scielo.br/pdf/rbeaa/v15n4/v15n04a09.pdf a202311bLúciac55dLúcia Elande 2AGRISn0cANA c217894d217894 002AGRIS4071a41918b41918cPeriódicos Agrícolash(Apr 2011), v.15(4) p. 383-389l0r2023-11-29t01yCRePortaria Interministerial nº 164/94